[Event "XV Festival A"]
[Site "Trieste ITA"]
[Date "2013.09.01"]
[Round "2"]
[White "Rossi, Francesco"]
[Black "Scholzen, Wolfgang"]
[WhiteElo "1882"]
[BlackElo "2138"]
[Result "1/2-1/2"]
[PlyCount "93"]
[EventDate "2013.08.31"]

1. e4 e6 2. d4 d5 3. e5 c5 4. dxc5 Bxc5 5. Qg4 Kf8 6. Nf3 Qb6 7. Qg3 Nc6 8. a3
a5 9. Bd3 Nge7 10. Nc3 Qc7 11. Nb5 Qb8 12. O-O Ng6 13. Re1 Nce7 14. a4 Bd7 15.
Bd2 Nf5 16. Bxf5 exf5 17. Nfd4 h6 18. e6 Qxg3 19. hxg3 fxe6 20. Nxe6+ Bxe6 21.
Rxe6 Kf7 22. Rae1 Rhd8 23. Nc7 Rac8 24. Nb5 Rc6 25. R6e2 d4 26. Bxa5 Ra8 27. b4
b6 28. bxc5 Rxa5 29. cxb6 Rxb6 30. Nxd4 Rxa4 31. Nxf5 Rc6 32. Ne7 Nxe7 33.
Rxe7+ Kf6 34. R7e2 Rac4 35. Kf1 Rxc2 36. Rxc2 Rxc2 37. f3 h5 38. Re2 Rc3 39.
Kf2 g6 40. Ra2 Rb3 41. Ra6+ Kf5 42. g4+ hxg4 43. fxg4+ Kg5 44. g3 Rb2+ 45. Kf3
Rb3+ 46. Kg2 Rb1 47. Kf3 1/2-1/2

[Event "XV Festival A"]
[Site "Trieste ITA"]
[Date "2013.09.01"]
[Round "2"]
[White "Suc, Timothy"]
[Black "Basso, Pier Luigi"]
[WhiteElo "2130"]
[BlackElo "2208"]
[Result "0-1"]
[PlyCount "88"]
[EventDate "2013.08.31"]

1. e4 c5 2. Nf3 Nc6 3. Bb5 Nd4 4. Nxd4 cxd4 5. c3 dxc3 6. Nxc3 g6 7. O-O Bg7 8.
d4 a6 9. Bc4 e6 10. d5 Ne7 11. Bg5 h6 12. Bh4 g5 13. Bg3 O-O 14. Kh1 b5 15. Bb3
e5 16. d6 Ng6 17. Nd5 Bb7 18. Rc1 Rc8 19. Rxc8 Qxc8 20. Qd2 Qc5 21. Ne7+ Nxe7
22. dxe7 Qxe7 23. Bd5 Bxd5 24. Qxd5 Rc8 25. h3 Rc2 26. Qa8+ Kh7 27. Qxa6 Rxb2
28. a4 b4 29. Qb5 b3 30. Rd1 h5 31. Rxd7 Qf6 32. Qd3 h4 33. Rd6 Rb1+ 34. Qxb1
Qxd6 35. Qxb3 hxg3 36. Qxg3 Qd1+ 37. Kh2 Qxa4 38. f3 f6 39. h4 Qe8 40. hxg5
Qh5+ 41. Qh3 Qxh3+ 42. Kxh3 fxg5 43. Kg4 Kg6 44. g3 Bh6 0-1

[Event "XV Festival A"]
[Site "Trieste ITA"]
[Date "2013.09.01"]
[Round "2"]
[White "Tonel, Giulia"]
[Black "Janzelj, Tim"]
[WhiteElo "1973"]
[BlackElo "2242"]
[Result "0-1"]
[PlyCount "54"]
[EventDate "2013.08.31"]

1. d4 Nf6 2. c4 e6 3. Nc3 Bb4 4. Qc2 Nc6 5. Nf3 d6 6. e3 O-O 7. Bd2 e5 8. O-O-O
Bg4 9. d5 Nb8 10. h3 Bh5 11. Bd3 Nbd7 12. Ne4 Bxd2+ 13. Rxd2 Bxf3 14. gxf3 Nxe4
15. Bxe4 Qh4 16. Rdd1 g6 17. Rdg1 Kh8 18. Bd3 f5 19. Rg3 a5 20. Rhg1 f4 21. Rg4
Qh6 22. Kb1 fxe3 23. fxe3 Rxf3 24. Bxg6 hxg6 25. Rxg6 Qh7 26. Rg7 Qxg7 27. Rxg7
Rf1+ 0-1

[Event "XV Festival A"]
[Site "Trieste ITA"]
[Date "2013.09.01"]
[Round "2"]
[White "Ulibin, Mikhail"]
[Black "Beletic, Daniel"]
[WhiteElo "2553"]
[BlackElo "2249"]
[Result "1/2-1/2"]
[PlyCount "131"]
[EventDate "2013.08.31"]

1. d4 Nf6 2. c4 c5 3. d5 b5 4. cxb5 a6 5. bxa6 g6 6. Nc3 Bxa6 7. e4 Bxf1 8.
Kxf1 d6 9. Nf3 Bg7 10. g3 O-O 11. Kg2 Nbd7 12. Qe2 Qb6 13. a4 Rfb8 14. Bd2 Ne8
15. Rhb1 Qa6 16. Qxa6 Rxa6 17. a5 Nc7 18. Ra2 Ra7 19. Na4 Rab7 20. Bc3 Na6 21.
Rf1 Rb5 22. Nd2 Bxc3 23. bxc3 Rxa5 24. Nc4 Rab5 25. f4 f6 26. h4 Nc7 27. g4 Ra8
28. Rfa1 f5 29. Nab2 Rxa2 30. Rxa2 Rb7 31. Ne3 fxe4 32. c4 Nf6 33. Nbd1 Kf7 34.
g5 Nh5 35. Rf2 Rb3 36. f5 Ke8 37. Ra2 gxf5 38. Nxf5 Nf4+ 39. Kh2 Kd7 40. Nde3
e6 41. dxe6+ Ncxe6 42. Ra7+ Kd8 43. Rxh7 Nd4 44. Kg3 Nxf5+ 45. Kxf4 Nxe3 46. g6
Ng2+ 47. Kxe4 Rg3 48. h5 Nh4 49. g7 Rg4+ 50. Kd3 Rg3+ 51. Kc2 Ke8 52. h6 Nf5
53. Rh8+ Ke7 54. g8=Q Rxg8 55. Rxg8 Nxh6 56. Rg6 Nf7 57. Kb3 Ne5 58. Rh6 Kd7
59. Rh7+ Kc6 60. Rh4 Nf3 61. Rf4 Ne5 62. Ka4 Kb6 63. Rh4 Ka6 64. Rf4 Kb6 65.
Rh4 Ka6 66. Kb3 1/2-1/2

[Event "XV Festival A"]
[Site "Trieste ITA"]
[Date "2013.09.01"]
[Round "2"]
[White "Valsecchi, Alessio"]
[Black "Postny, Evgeny"]
[WhiteElo "2412"]
[BlackElo "2628"]
[Result "0-1"]
[PlyCount "110"]
[EventDate "2013.08.31"]

1. e4 c6 2. Nc3 d5 3. Nf3 Bg4 4. h3 Bxf3 5. Qxf3 Nf6 6. Be2 e6 7. O-O Be7 8. d3
O-O 9. Qg3 Nbd7 10. Kh1 dxe4 11. dxe4 e5 12. Bh6 Ne8 13. Rad1 Qc7 14. Bc1 Bd6
15. a3 Nc5 16. f4 exf4 17. Bxf4 Bxf4 18. Qxf4 Qxf4 19. Rxf4 Nc7 20. Rf5 N5e6
21. Bc4 Rad8 22. Rdf1 Rd4 23. Bb3 Rd7 24. Ba2 Rd2 25. Bb3 Rd7 26. Ba2 Re7 27.
R5f2 Nc5 28. Rd1 Nd7 29. Rfd2 Ne5 30. Ne2 Ne8 31. Nd4 g6 32. Nf3 Nf6 33. Rd4
Kg7 34. Kh2 Rfe8 35. Rf1 Rd7 36. c3 Rc7 37. Nd2 Rce7 38. Rd6 Nfd7 39. b4 Nb6
40. c4 Rd7 41. Rxd7 Nbxd7 42. Rd1 a5 43. Nb3 axb4 44. axb4 Ra8 45. Bb1 Ra4 46.
b5 Rxc4 47. Na5 Rb4 48. Nxb7 Rxb5 49. Nd6 Rb2 50. Bd3 Rb6 51. Bb1 Nf6 52. Kg3
Nh5+ 53. Kh2 Rb2 54. Rf1 Rd2 55. Nb7 g5 0-1

[Event "XV Festival A"]
[Site "Trieste ITA"]
[Date "2013.09.01"]
[Round "2"]
[White "Vezzani, Stefano"]
[Black "Al Zayat, Ahmed"]
[WhiteElo "2162"]
[BlackElo "2109"]
[Result "1-0"]
[PlyCount "105"]
[EventDate "2013.08.31"]

1. Nf3 Nf6 2. g3 d6 3. Bg2 e5 4. d3 c6 5. O-O Be7 6. a4 a5 7. Na3 Na6 8. e4 O-O
9. Re1 Nc5 10. b3 Ne8 11. Bb2 Bg4 12. h3 Bxf3 13. Qxf3 Ne6 14. Nc4 g6 15. Ne3
Bf6 16. h4 Bg7 17. Bh3 N8c7 18. Ba3 f5 19. exf5 Nd4 20. Qd1 Nxf5 21. Nxf5 gxf5
22. Qh5 Qf6 23. Rad1 Rad8 24. Bb2 f4 25. g4 Rde8 26. g5 Qg6 27. Qxg6 hxg6 28.
Bc3 b6 29. Bd7 c5 30. Bxe8 Rxe8 31. Kh2 Kf7 32. Kh3 Rh8 33. Kg4 Nd5 34. Ba1 Ne7
35. Rh1 Rh5 36. Rde1 Nf5 37. c3 d5 38. b4 cxb4 39. cxb4 d4 40. bxa5 bxa5 41.
Rb1 Nd6 42. Rb6 Ke6 43. Bb2 Rh8 44. Ba3 Bf8 45. Rc1 Kd7 46. Bxd6 Bxd6 47. Rcc6
Bc7 48. Ra6 Rb8 49. Rxg6 Rb3 50. Rg7+ Kd8 51. Ra8+ Bb8 52. Rg8+ Kc7 53. Rgxb8
1-0

[Event "XV Festival A"]
[Site "Trieste ITA"]
[Date "2013.09.01"]
[Round "2"]
[White "Visintin, Roberto"]
[Black "Pregarac, Valter"]
[WhiteElo "2098"]
[BlackElo "2135"]
[Result "1-0"]
[PlyCount "81"]
[EventDate "2013.08.31"]

1. d4 Nf6 2. Nf3 c5 3. d5 e6 4. c4 b5 5. dxe6 fxe6 6. cxb5 d5 7. g3 Bd6 8. Bg2
O-O 9. O-O a6 10. bxa6 Bxa6 11. b4 cxb4 12. Nd4 Re8 13. Bb2 e5 14. Nf5 Bf8 15.
a3 bxa3 16. Nxa3 Nc6 17. Ne3 Nb4 18. Nac2 Nxc2 19. Qxc2 Rc8 20. Qd1 Bb7 21. Qb3
Rb8 22. Rfd1 Bc6 23. Qc2 Rc8 24. Qf5 d4 25. Bxc6 Rxc6 26. Ng4 Nxg4 27. Qxg4 Rc2
28. Ba3 Qc7 29. Bxf8 Rxf8 30. Qe4 Qc4 31. Rd3 Qc5 32. Ra8 Qc6 33. Rxf8+ Kxf8
34. Rf3+ Kg8 35. Qxe5 Rc1+ 36. Kg2 Rc4 37. Qb8+ Qc8 38. Qxc8+ Rxc8 39. Rd3 Rc4
40. Kf3 Kf7 41. Rd2 1-0

[Event "XV Festival A"]
[Site "Trieste ITA"]
[Date "2013.09.01"]
[Round "3"]
[White "Basso, Pier Luigi"]
[Black "Chetverik, Maxim"]
[WhiteElo "2208"]
[BlackElo "2260"]
[Result "1/2-1/2"]
[PlyCount "81"]
[EventDate "2013.08.31"]

1. d4 f5 2. c4 Nf6 3. Nf3 e6 4. g3 Be7 5. Bg2 O-O 6. Nc3 d5 7. O-O c6 8. Bf4
Ne4 9. Nd2 Nd7 10. Ndxe4 fxe4 11. Qb3 Kh8 12. f3 exf3 13. Bxf3 Nb6 14. c5 Nc4
15. e4 b6 16. cxb6 axb6 17. Be2 Ba6 18. Rf2 g5 19. Bxc4 Bxc4 20. Be5+ Bf6 21.
Rxf6 Rxf6 22. Qc2 Kg8 23. Bxf6 Qxf6 24. Qf2 Qg6 25. Qe3 Rf8 26. b3 Ba6 27. Re1
Rf6 28. exd5 exd5 29. Na4 Qf7 30. Nxb6 Rf1+ 31. Kg2 Rxe1 32. Qxe1 Bd3 33. Qf2
Be4+ 34. Kf1 Qb7 35. Na4 Qb5+ 36. Ke1 Qd3 37. Qd2 Qb1+ 38. Kf2 h6 39. Nc3 Qh1
40. Nxe4 dxe4 41. Qe3 1/2-1/2

[Event "XV Festival A"]
[Site "Trieste ITA"]
[Date "2013.09.01"]
[Round "3"]
[White "Bosiocic, Marin"]
[Black "Mazi, Leon"]
[WhiteElo "2563"]
[BlackElo "2368"]
[Result "1-0"]
[PlyCount "33"]
[EventDate "2013.08.31"]

1. d4 f5 2. Bg5 c5 3. e3 Qb6 4. Nf3 e6 5. Nbd2 cxd4 6. exd4 Qxb2 7. Bc4 Nf6 8.
O-O Be7 9. Re1 O-O 10. Rb1 Qa3 11. d5 Nxd5 12. Bxd5 Bxg5 13. Nxg5 exd5 14. Qh5
h6 15. Ndf3 Qd6 16. Re8 Qf6 17. Rbe1 1-0

[Event "XV Festival A"]
[Site "Trieste ITA"]
[Date "2013.09.01"]
[Round "3"]
[White "Capaliku, Aleks"]
[Black "Armstrong, Malcolm J."]
[WhiteElo "2140"]
[BlackElo "2014"]
[Result "1/2-1/2"]
[PlyCount "116"]
[EventDate "2013.08.31"]

1. f4 d5 2. Nf3 g6 3. e3 Bg7 4. c4 c6 5. d4 Nf6 6. Nc3 O-O 7. Bd3 Bf5 8. O-O e6
9. b3 Ne4 10. Bxe4 Bxe4 11. Nxe4 dxe4 12. Ng5 c5 13. Ba3 cxd4 14. Bxf8 Qxf8 15.
Rc1 Nc6 16. exd4 Bxd4+ 17. Kh1 e3 18. Nf3 Bc5 19. Qe2 Rd8 20. Rcd1 a5 21. Rd3
Rxd3 22. Qxd3 Nb4 23. Qe2 Qd6 24. a3 Nd3 25. g3 Nf2+ 26. Kg2 Qc6 27. b4 axb4
28. axb4 Bd4 29. h3 Bc3 30. Qxe3 Ne4 31. Qd3 f5 32. Rd1 Bxb4 33. Ne5 Qa4 34.
Qe2 Qa3 35. Rd3 Qa1 36. Rd8+ Kg7 37. Rd7+ Kg8 38. Rd1 Qa3 39. Rd3 Qa1 40. Rd8+
Kg7 41. Nd3 Bc3 42. Ne5 Bxe5 43. fxe5 Qxe5 44. Rd3 h5 45. Rb3 Kg8 46. Qe3 Qa1
47. Qb6 Qa2+ 48. Rb2 Qxc4 49. Qd8+ Kg7 50. h4 b5 51. Qe7+ Kg8 52. Qe8+ Kg7 53.
Qxb5 Qxb5 54. Rxb5 Kf6 55. Rb6 Nc3 56. Ra6 Nd5 57. Kf3 Ke5 58. Ra7 Kf6 1/2-1/2

[Event "XV Festival A"]
[Site "Trieste ITA"]
[Date "2013.09.01"]
[Round "3"]
[White "Dvirnyy, Danyyil"]
[Black "Tratar, Marko"]
[WhiteElo "2549"]
[BlackElo "2503"]
[Result "1/2-1/2"]
[PlyCount "38"]
[EventDate "2013.08.31"]

1. Nf3 Nf6 2. c4 e6 3. Nc3 Bb4 4. Qc2 O-O 5. a3 Bxc3 6. Qxc3 d6 7. g3 e5 8. Bg2
a5 9. b3 c5 10. O-O Nc6 11. e3 Re8 12. d3 h6 13. Bb2 Be6 14. Rfe1 Qc8 15. Nd2
Bh3 16. Ne4 Nxe4 17. dxe4 Bxg2 18. Kxg2 Nd8 19. a4 f6 1/2-1/2

[Event "XV Festival A"]
[Site "Trieste ITA"]
[Date "2013.09.01"]
[Round "3"]
[White "Eggleston, David J."]
[Black "Ulibin, Mikhail"]
[WhiteElo "2363"]
[BlackElo "2553"]
[Result "0-1"]
[PlyCount "94"]
[EventDate "2013.08.31"]

1. e4 e6 2. d4 d5 3. Nc3 Nf6 4. e5 Nfd7 5. f4 c5 6. Nf3 Nc6 7. Be3 Be7 8. Qd2
O-O 9. dxc5 Bxc5 10. O-O-O Qa5 11. Nd4 Bxd4 12. Bxd4 Rb8 13. Kb1 b5 14. Ne2 b4
15. Nc1 Qc7 16. h4 a5 17. h5 a4 18. h6 g6 19. Qf2 Nxd4 20. Qxd4 Nc5 21. Bd3 Bd7
22. g4 b3 23. cxb3 axb3 24. a3 Rfc8 25. Ka1 Ra8 26. Bb1 Ra5 27. Qd2 Qa7 28. Rh3
Rb8 29. Bd3 Rxa3+ 30. bxa3 Qxa3+ 31. Kb1 b2 32. Na2 Ba4 33. Bf1 Bb3 34. Rxb3
Rxb3 35. Qc2 Qa5 36. Qd2 Qa3 37. Qc2 Qa7 38. Bc4 Rb8 39. Qd2 Ne4 40. Qd4 Qa5
41. Be2 Rb3 42. f5 Nc3+ 43. Nxc3 Rxc3 44. Qxc3 Qxc3 45. Bd3 Qxe5 46. Kc2 Qh2+
47. Kb3 Qxh6 0-1

[Event "XV Festival A"]
[Site "Trieste ITA"]
[Date "2013.09.01"]
[Round "3"]
[White "Ivanovic, Andrej"]
[Black "Valsecchi, Alessio"]
[WhiteElo "2143"]
[BlackElo "2412"]
[Result "0-1"]
[PlyCount "58"]
[EventDate "2013.08.31"]

1. d4 Nf6 2. c4 c5 3. d5 e5 4. Nc3 d6 5. e4 Be7 6. Be2 Nbd7 7. Nf3 Nf8 8. O-O
Ng6 9. Ne1 O-O 10. Nd3 a6 11. a4 b6 12. Be3 Ne8 13. b4 Bg5 14. Qd2 Bxe3 15.
Qxe3 f5 16. exf5 Bxf5 17. bxc5 bxc5 18. f3 Qa5 19. Nf2 Nf6 20. g4 Nf4 21. Rfc1
Bg6 22. g5 Nxe2+ 23. Qxe2 Nh5 24. Nfe4 Nf4 25. Qe3 Qc7 26. Rab1 Rab8 27. Kh1
Qd7 28. Rxb8 Rxb8 29. Rc2 Qh3 0-1

[Event "XV Festival A"]
[Site "Trieste ITA"]
[Date "2013.09.01"]
[Round "3"]
[White "Linder, Oliver"]
[Black "Kolesar, Milan"]
[WhiteElo "1983"]
[BlackElo "2141"]
[Result "0-1"]
[PlyCount "88"]
[EventDate "2013.08.31"]

1. d4 d5 2. Bf4 Nf6 3. e3 c6 4. Nd2 Bf5 5. Ngf3 e6 6. Nh4 Bg4 7. Nhf3 Nbd7 8.
Bd3 Be7 9. h3 Bh5 10. O-O O-O 11. c4 Bg6 12. Bxg6 hxg6 13. Qb3 Qb6 14. c5 Qa6
15. Rfc1 Rfc8 16. Qc2 b6 17. b4 Qb7 18. Nb3 Ne4 19. Ne5 Nxe5 20. Bxe5 Ng5 21.
a4 Nh7 22. a5 b5 23. Nd2 a6 24. Nf3 Re8 25. Bh2 Rad8 26. Ne5 Bf6 27. Ng4 Nf8
28. Rd1 Nd7 29. Ra3 Qc8 30. Rad3 e5 31. dxe5 Bxe5 32. Bxe5 Nxe5 33. Nxe5 Rxe5
34. Rd4 Rde8 35. Qe2 R8e6 36. Qg4 Qe8 37. Qg3 Qe7 38. Kh2 g5 39. R1d3 Qf6 40.
Qf3 Rf5 41. Qg3 Rxf2 42. Qb8+ Kh7 43. Qc8 Qe5+ 44. Kg1 Qg3 0-1

[Event "XV Festival A"]
[Site "Trieste ITA"]
[Date "2013.09.01"]
[Round "3"]
[White "Matijevic, Filip"]
[Black "Tonel, Giulia"]
[WhiteElo "2136"]
[BlackElo "1973"]
[Result "0-1"]
[PlyCount "110"]
[EventDate "2013.08.31"]

1. e4 d6 2. d4 Nf6 3. Nc3 g6 4. Bg5 Bg7 5. Qd2 h6 6. Bh4 g5 7. Bg3 Nh5 8. O-O-O
Nxg3 9. hxg3 Nd7 10. e5 Nf8 11. f4 Bg4 12. Be2 Bxe2 13. Qxe2 Qd7 14. fxg5 O-O-O
15. Nf3 Ng6 16. gxh6 Bxh6+ 17. Kb1 Qg4 18. Ne4 Bg7 19. Rxh8 Bxh8 20. Neg5 Qf5
21. e6 fxe6 22. Nxe6 Re8 23. d5 Ne5 24. Qb5 Nd7 25. Rf1 a6 26. Qa5 Nb6 27. Rd1
Rg8 28. Qe1 Nxd5 29. Nfd4 Qf6 30. Qe4 Qe5 31. Qxe5 Bxe5 32. Nf5 Kd7 33. Ned4 e6
34. c4 Nf6 35. Ne3 Rxg3 36. Ndc2 Ne4 37. Rh1 a5 38. Rh4 Nc5 39. b3 Rg7 40. Rh1
Ne4 41. a3 Rf7 42. b4 axb4 43. axb4 Bf4 44. Rh4 e5 45. Kb2 Ng3 46. Nd5 Bd2 47.
Rg4 Ne2 48. Rg8 Kc6 49. g4 b5 50. Nde3 Rf3 51. cxb5+ Kxb5 52. Nd5 Kc4 53. Nxc7
Rb3+ 54. Ka2 Nc3+ 55. Ka1 Rb1# 0-1

[Event "XV Festival A"]
[Site "Trieste ITA"]
[Date "2013.09.01"]
[Round "3"]
[White "Mocchi, Tullio"]
[Black "Rossi, Francesco"]
[WhiteElo "2245"]
[BlackElo "1882"]
[Result "1-0"]
[PlyCount "103"]
[EventDate "2013.08.31"]

1. e4 e5 2. Nf3 Nc6 3. Bb5 a6 4. Ba4 Nf6 5. O-O Be7 6. Bxc6 dxc6 7. d3 Nd7 8.
Nbd2 O-O 9. Nc4 f6 10. Nh4 Nc5 11. Nf5 Bxf5 12. exf5 Qd7 13. Qg4 Kh8 14. h3 b6
15. Re1 Nb7 16. f4 b5 17. Ne3 exf4 18. Qxf4 Bc5 19. Bd2 Nd6 20. g4 Nc4 21. Bc1
Nb6 22. Kf1 Rfe8 23. Bd2 Bxe3 24. Rxe3 Rxe3 25. Qxe3 Re8 26. Qf3 Nd5 27. Re1
Rxe1+ 28. Kxe1 Kg8 29. Qe4 Kf7 30. c4 Nb6 31. Bb4 Qe8 32. Qxe8+ Kxe8 33. b3 Nd7
34. Bc3 Ke7 35. Ke2 c5 36. cxb5 axb5 37. a4 c6 38. Kf3 Kd6 39. Ke4 Kc7 40. axb5
cxb5 41. Kd5 b4 42. Bd2 Kb6 43. Bf4 Kb5 44. Ke6 Kc6 45. h4 c4 46. dxc4 Nc5+ 47.
Kf7 Nxb3 48. Kxg7 Na5 49. g5 b3 50. Bc1 Nxc4 51. gxf6 Nd6 52. f7 1-0

[Event "XV Festival A"]
[Site "Trieste ITA"]
[Date "2013.09.01"]
[Round "3"]
[White "Oparin, Grigoriy"]
[Black "Janzelj, Tim"]
[WhiteElo "2504"]
[BlackElo "2242"]
[Result "1-0"]
[PlyCount "75"]
[EventDate "2013.08.31"]

1. e4 e5 2. Nf3 Nc6 3. Bb5 a6 4. Ba4 Nf6 5. d3 b5 6. Bb3 Be7 7. O-O O-O 8. a4
Bb7 9. Re1 d6 10. Nbd2 Na5 11. Ba2 c5 12. Nf1 b4 13. Bd2 Nd7 14. Ne3 Nb6 15.
Nf5 Bf6 16. h4 d5 17. exd5 Bxd5 18. Bxd5 Qxd5 19. Ng5 Qd7 20. Qg4 g6 21. Ne4
Bg7 22. Nxg7 Kxg7 23. Bh6+ Kxh6 24. Qg5+ Kg7 25. Qf6+ Kg8 26. Qxb6 Qd8 27. Qxc5
f6 28. Qxb4 Rb8 29. Qc3 Qd5 30. Rab1 Nc6 31. b4 Nd4 32. Qd2 f5 33. Ng5 h6 34.
c3 hxg5 35. cxd4 Qxd4 36. Qxg5 Kf7 37. h5 Ke6 38. Rbc1 1-0

[Event "XV Festival A"]
[Site "Trieste ITA"]
[Date "2013.09.01"]
[Round "3"]
[White "Pregarac, Valter"]
[Black "Ioffe, Ilya"]
[WhiteElo "2135"]
[BlackElo "1979"]
[Result "1/2-1/2"]
[PlyCount "134"]
[EventDate "2013.08.31"]

1. d4 d5 2. c4 e5 3. dxe5 d4 4. a3 Nc6 5. Nf3 a5 6. e3 Bc5 7. exd4 Bxd4 8. Be2
Bf5 9. O-O Nge7 10. Re1 O-O 11. Nbd2 Nxe5 12. Nxd4 Qxd4 13. Nf3 Qxd1 14. Rxd1
Nxf3+ 15. Bxf3 Rad8 16. Bf4 c6 17. Bc7 Rc8 18. Bxa5 Be6 19. Rac1 Ng6 20. Bb4
Rfe8 21. Bd6 Nh4 22. Be4 Bf5 23. Bxf5 Nxf5 24. Bf4 Re2 25. Rd2 Re4 26. Bg3 Rce8
27. Kf1 h5 28. c5 h4 29. Bc7 Nd4 30. Rcd1 Ne6 31. Bb6 Nf4 32. Rd8 Nd5 33. Rxe8+
Rxe8 34. h3 f5 35. Ba5 Kf7 36. Bd2 Kf6 37. Rc1 g5 38. f3 f4 39. Kf2 Kf5 40. Rc4
Rd8 41. Rd4 Re8 42. Rd3 Ra8 43. Ke2 Re8+ 44. Kf2 Re7 45. Bc1 Re8 46. b4 Ra8 47.
Rd4 Ra4 48. Bb2 Ra8 49. Re4 Rd8 50. Re5+ Kg6 51. Re6+ Kf7 52. Rh6 Ne3 53. Ke2
Nc4 54. Bc3 Re8+ 55. Kd3 Nxa3 56. Rh7+ Kg6 57. Rg7+ Kf5 58. Rf7+ Kg6 59. Rg7+
Kf5 60. Bd2 Rd8+ 61. Ke2 Re8+ 62. Kf2 Nc4 63. Bc3 Ne3 64. Bd4 Nc2 65. Bc3 Ne3
66. Bd2 Nc4 67. Bc3 Ne3 1/2-1/2

[Event "XV Festival A"]
[Site "Trieste ITA"]
[Date "2013.09.01"]
[Round "3"]
[White "Sirnik, Bostjan"]
[Black "Cherin, Diego"]
[WhiteElo "2211"]
[BlackElo "2239"]
[Result "1/2-1/2"]
[PlyCount "101"]
[EventDate "2013.08.31"]

1. d4 f5 2. g3 Nf6 3. Bg2 g6 4. c3 Bg7 5. Qb3 c6 6. Nd2 d6 7. Ngf3 e6 8. O-O
O-O 9. Re1 d5 10. Ne5 Nfd7 11. Nd3 g5 12. c4 Kh8 13. Nf3 h6 14. h4 Bf6 15. Bd2
Na6 16. cxd5 exd5 17. Rac1 Rg8 18. hxg5 hxg5 19. Nfe5 Bxe5 20. Nxe5 Nxe5 21.
dxe5 Qe7 22. g4 fxg4 23. e6 Bxe6 24. Qg3 Rad8 25. Qe5+ Kh7 26. Bc3 Qd6 27. Qd4
c5 28. Qd3+ Kh6 29. e4 d4 30. e5 Qe7 31. Bd2 c4 32. Qg3 Kg7 33. Be4 Rh8 34. Qg2
Nc5 35. Bb4 b6 36. f3 Rh4 37. Rf1 Rf8 38. Rcd1 a5 39. Be1 Rh3 40. Rxd4 Rfh8 41.
fxg4 Nxe4 42. Qxe4 Bc8 43. Rf6 Rh1+ 44. Qxh1 Rxh1+ 45. Kxh1 Qxe5 46. Bc3 Bb7+
47. Kg1 Qg3+ 48. Kf1 Qg2+ 49. Ke1 Kxf6 50. Rd2+ Ke6 51. Rxg2 1/2-1/2

[Event "XV Festival A"]
[Site "Trieste ITA"]
[Date "2013.09.01"]
[Round "3"]
[White "Solomon, Kenny"]
[Black "Vezzani, Stefano"]
[WhiteElo "2372"]
[BlackElo "2162"]
[Result "1/2-1/2"]
[PlyCount "94"]
[EventDate "2013.08.31"]

1. d4 d6 2. Nf3 g6 3. c4 Bg7 4. Nc3 Bg4 5. e3 c5 6. Be2 cxd4 7. exd4 Nh6 8. Qb3
Qc8 9. O-O Nc6 10. Rd1 Nf5 11. d5 Bxf3 12. Bxf3 Ncd4 13. Qa4+ Qd7 14. Qxd7+
Kxd7 15. Be4 Rhc8 16. Bd3 Rab8 17. Bd2 a6 18. Rac1 b5 19. cxb5 axb5 20. b4 e5
21. Kf1 Rc7 22. Rb1 Rcb7 23. Bg5 f6 24. Bd2 Bh6 25. Be1 Ne7 26. Rb2 f5 27. f3
Be3 28. Bb1 Rf8 29. Bd2 Bxd2 30. Rbxd2 f4 31. Kf2 h6 32. Ne2 Ndf5 33. Rc1 Ne3
34. Be4 g5 35. g4 h5 36. h3 hxg4 37. fxg4 Rc7 38. Rxc7+ Kxc7 39. Ng1 Rh8 40.
Rd3 Ng8 41. Rc3+ Kb7 42. Rc6 Nf6 43. Bd3 Ra8 44. Rxd6 Rxa2+ 45. Ke1 Ra1+ 46.
Kf2 Ra2+ 47. Ke1 Ra1+ 1/2-1/2

[Event "XV Festival A"]
[Site "Trieste ITA"]
[Date "2013.09.01"]
[Round "3"]
[White "Tomazini, Zan"]
[Black "Gleizerov, Evgeny"]
[WhiteElo "2302"]
[BlackElo "2567"]
[Result "1/2-1/2"]
[PlyCount "97"]
[EventDate "2013.08.31"]

1. e4 e6 2. d4 d5 3. Nd2 Nf6 4. e5 Nfd7 5. Bd3 c5 6. c3 Nc6 7. Ngf3 cxd4 8.
cxd4 f6 9. exf6 Qxf6 10. O-O Bd6 11. Re1 O-O 12. Bxh7+ Kxh7 13. Rxe6 Bxh2+ 14.
Kxh2 Qf5 15. Nf1 Nf6 16. Re1 Kg8 17. Kg1 Ne4 18. Ng3 Nxg3 19. fxg3 Qf7 20. Bf4
Bg4 21. Qd2 Rfe8 22. Ne5 Nxe5 23. Bxe5 Bf5 24. Rf1 Qg6 25. Rf2 Be4 26. Raf1
Rac8 27. Qb4 b6 28. Qa4 Re7 29. Qa3 Qe6 30. g4 a5 31. Qh3 Ree8 32. g5 Qxh3 33.
gxh3 Bg6 34. h4 Rc6 35. Kh2 Rec8 36. Kg3 Bh5 37. Rf5 Bg6 38. R5f2 Bh5 39. Bf4
Rc2 40. Rxc2 Rxc2 41. Rf2 Rxf2 42. Kxf2 b5 43. Ke3 Kf7 44. Kd2 Ke6 45. Bc7 a4
46. Kc3 Kd7 47. Ba5 g6 48. Kb4 Kc6 49. a3 1/2-1/2

[Event "XV Festival A"]
[Site "Trieste ITA"]
[Date "2013.09.01"]
[Round "3"]
[White "Trussevich, Sergey"]
[Black "Scholzen, Wolfgang"]
[WhiteElo "2328"]
[BlackElo "2138"]
[Result "1-0"]
[PlyCount "147"]
[EventDate "2013.08.31"]

1. d4 d5 2. Nf3 Nf6 3. c4 e6 4. Nc3 c6 5. cxd5 exd5 6. Bg5 Be7 7. Qc2 O-O 8. e3
Nbd7 9. Bd3 Re8 10. O-O h6 11. Bf4 Nh5 12. Nxd5 Nxf4 13. Nxf4 Bd6 14. Ne2 Nf6
15. e4 Bc7 16. h3 Bd7 17. Nc3 Qc8 18. e5 Nh5 19. Rfe1 Bxh3 20. gxh3 Qxh3 21.
Nh2 Nf4 22. Bf1 Qh4 23. Qf5 Ne6 24. Re4 Nxd4 25. Qxf7+ Kxf7 26. Rxh4 Bxe5 27.
Re4 g5 28. Kg2 Bg7 29. Rd1 c5 30. Bc4+ Kf8 31. Bd5 Rab8 32. Nf3 b5 33. Rxe8+
Rxe8 34. Nxd4 Bxd4 35. Nxb5 Bxb2 36. Rd2 Bf6 37. Nxa7 h5 38. Nb5 g4 39. f3 Bg5
40. Rc2 Rd8 41. Be4 Bf4 42. fxg4 hxg4 43. Rxc5 Rd2+ 44. Kf1 Be3 45. Rc3 Rf2+
46. Ke1 Bb6 47. Rc6 Be3 48. Rc3 Bb6 49. Rc8+ Ke7 50. Rb8 Rf6 51. Ke2 g3 52. Kd3
Re6 53. Rg8 Bf2 54. Rg7+ Kf8 55. Rg4 Ra6 56. Bd5 Ra5 57. a4 Ke7 58. Bb7 Kf6 59.
Kc2 Kf5 60. Rc4 Kg5 61. Kb3 Ra6 62. Bg2 Rg6 63. Nc3 Rb6+ 64. Ka3 Be1 65. a5 Rh6
66. Ne4+ Kf4 67. Nc5+ Ke3 68. a6 Rh7 69. Ka4 Rh2 70. Rc2 Rh4+ 71. Kb5 Rb4+ 72.
Kc6 Rb8 73. a7 Rh8 74. Kb5 1-0

[Event "XV Festival A"]
[Site "Trieste ITA"]
[Date "2013.09.01"]
[Round "3"]
[White "Visintin, Roberto"]
[Black "Plenca, Jadranko"]
[WhiteElo "2098"]
[BlackElo "2138"]
[Result "1/2-1/2"]
[PlyCount "67"]
[EventDate "2013.08.31"]

1. d4 d5 2. Nf3 Nf6 3. Bf4 c5 4. e3 Nc6 5. c3 Qb6 6. Qb3 c4 7. Qc2 Bf5 8. Qc1
e6 9. Be2 Be7 10. Nbd2 Qd8 11. Ne5 Nxe5 12. Bxe5 O-O 13. O-O b5 14. a4 b4 15.
cxb4 Bxb4 16. Nb1 Bxb1 17. Bxf6 Qxf6 18. Qxb1 Rab8 19. Qa2 Bd6 20. Rab1 e5 21.
dxe5 Qxe5 22. g3 d4 23. Qxc4 dxe3 24. fxe3 Qxe3+ 25. Kh1 Rb4 26. Qd3 Qxd3 27.
Bxd3 Rxa4 28. b3 Rb4 29. Bc4 Be5 30. Rbd1 Rb7 31. Rd5 Bf6 32. Rfd1 g6 33. Rd7
Rxd7 34. Rxd7 1/2-1/2

[Event "XV Festival A"]
[Site "Trieste ITA"]
[Date "2013.09.02"]
[Round "4"]
[White "Armstrong, Malcolm J."]
[Black "Matijevic, Filip"]
[WhiteElo "2014"]
[BlackElo "2136"]
[Result "1/2-1/2"]
[PlyCount "83"]
[EventDate "2013.08.31"]

1. d4 Nf6 2. Nf3 g6 3. g3 Bg7 4. Bg2 O-O 5. O-O d5 6. Nbd2 c6 7. c4 Bf5 8. b3
Nbd7 9. Bb2 Ne4 10. Nh4 Nxd2 11. Qxd2 Be6 12. f4 f5 13. cxd5 Bxd5 14. Bxd5+
cxd5 15. Rac1 Nf6 16. Nf3 Ne4 17. Qb4 Qd7 18. Ne5 Bxe5 19. dxe5 b6 20. Qd4 e6
21. Rc2 Rfc8 22. Rfc1 Kf7 23. Ba3 Rxc2 24. Rxc2 Rc8 25. Rxc8 Qxc8 26. Qd3 a6
27. Bb2 Kg7 28. Bd4 Qc1+ 29. Kg2 Nd2 30. e3 b5 31. Qe2 Ne4 32. a4 Qb1 33. axb5
axb5 34. Qb2 Qe1 35. Qc2 b4 36. Bb6 Nc3 37. Ba5 Ne2 38. Qc7+ Kh6 39. Qe7 Nxf4+
40. exf4 Qe2+ 41. Kh3 Qg4+ 42. Kg2 1/2-1/2

[Event "XV Festival A"]
[Site "Trieste ITA"]
[Date "2013.09.02"]
[Round "4"]
[White "Ashiku, Franc"]
[Black "Bruno, Fabio"]
[WhiteElo "2241"]
[BlackElo "2421"]
[Result "0-1"]
[PlyCount "72"]
[EventDate "2013.08.31"]

1. e4 e6 2. d4 d5 3. e5 c5 4. c3 Qb6 5. Nf3 Bd7 6. a3 Bb5 7. Bxb5+ Qxb5 8. b4
cxd4 9. cxd4 Ne7 10. Nc3 Qd7 11. O-O Nc8 12. Na4 Nb6 13. Nxb6 axb6 14. Bb2 Be7
15. Rc1 O-O 16. Rc3 Rc8 17. Rxc8+ Qxc8 18. Nd2 Nd7 19. Qb3 b5 20. Qd3 Qc6 21.
Rc1 Qb6 22. Nb1 f6 23. Nc3 fxe5 24. Qxb5 exd4 25. Qxd7 dxc3 26. Rxc3 Bf6 27.
Rf3 Rd8 28. Bd4 Qxd4 29. Qxe6+ Kh8 30. g4 Qe5 31. Qf7 d4 32. h4 Qe7 33. Qc4
Bxh4 34. Rf7 Qe4 35. Qc7 Qxg4+ 36. Kf1 h6 0-1